| 000 | 00440nam a2200181Ia 4500 | ||
|---|---|---|---|
| 005 | 20250423101601.0 | ||
| 008 | 250422s9999 xx 000 0 und d | ||
| 020 | _a9789785270440 | ||
| 050 | _aPL 8231 .A696/ | ||
| 100 | _aAri, Niyazi | ||
| 245 | 0 | _aTurkler icin Hausa lisani | |
| 260 | _aAbuja | ||
| 260 | _bNTNU Publication | ||
| 260 | _c2003 | ||
| 300 | _a213 p | ||
| 650 | _aLanguage - Turkish ; Hausa translation | ||
| 942 | _cBK | ||
| 999 |
_c36687 _d36687 |
||